000 01484nam a2200325 i 4500
999 _c65180
_d65180
001 768714001
003 CO-MdFUSB
005 20190924125241.0
008 190903t2011 sp |||| |||| 00| 0 spa d
020 _a9788432314896
040 _aCO-MdFUSB
_bspa
_cCO-MdFUSB
_dCO-MdFUSBC
_erda
041 _aspa
082 _223
_a950.22
_bP155p
100 _aPalazuelos, Enrique.
_eautor
245 1 3 _aEl poder sin metáfora :
_bEl imperio de Gengis Kan.
_c/ Enrique Palazuelos.
264 1 _aMadrid, España :
_bSiglo XXI,
_c[2011]
264 4 _c© 2011
300 _a229 páginas :
_bmapas
_c; 23 cm
336 _2rdacontent
_atexto
_btxt
337 _2rdamedia
_asin mediación
_bn
338 _2rdacarrier
_avolumen
_bnc
490 _aColección Hitos
505 _aprimera parte: La nación de las tribus de las estepas. -- La construcción del imperio. -- El legado imperial de Gengis kan. -- Segunda parte: La fugaz presencia de la segunda generación.-- El auge del imperio y la influencia de las viudas en las pugnas sucesorias. -- La ruptura de la unidad y el ocaso del imperio. -- Tercera parte. -- Breve catálogo de los horrores en la Europa de la época. -- Las ficciones necesarias en el relato de la historia europea. -- La huella histórica del imperio mongol.
630 0 _aEl imperio de Gengis Kan.
651 0 _aAsia.
_xHistoria
_ySiglo XIII.
653 _aHistoria de Asia.
653 _aLos Mongoles -- Imperio Asiático.
942 _cBK
945 _aJTF-925